Tomás Moro 1447-1535 y la crisis del pensamiento europeo
Guardat en:
| Autor principal: | |
|---|---|
| Format: | Llibre |
| Idioma: | espanyol |
| Publicat: |
Madrid
Palabra
1972
|
| Matèries: | |
| Etiquetes: |
Afegir etiqueta
Sense etiquetes, Sigues el primer a etiquetar aquest registre!
|
MARC
| LEADER | 00000nam a2200000 a 4500 | ||
|---|---|---|---|
| 001 | UCO0859 | ||
| 003 | CL-VaPUC | ||
| 005 | 20220913074548.0 | ||
| 008 | 000428e19720000SP |||||||||||||||||spa|d | ||
| 999 | |c 287503 |d 287501 | ||
| 040 | |c Pontificia Universidad Católica de Valparaíso | ||
| 082 | 0 | 4 | |a 189 |b PRE |2 21 |
| 100 | 0 | |a Prévost, André |e author |9 442436 | |
| 245 | 1 | 0 | |a Tomás Moro 1447-1535 y la crisis del pensamiento europeo |
| 260 | |a Madrid |b Palabra |c 1972 | ||
| 300 | |a 445 p | ||
| 583 | |a last modification |c 20170530 02:56:13 |k Rodrigo Vera | ||
| 600 | |a Moro, Tomás, |d 1478-1535 |q More, Thomas |9 455757 | ||
| 650 | 0 | |a Filosofía medieval |9 256245 | |
| 650 | 7 | |a HISTORIA DE INGLATERRA SIGLO 15 |2 CL-VaPUC |9 442437 | |
| 650 | 0 | |a Filosofía europea |9 347047 | |
| 650 | 0 | |a Filosofía de la religión |9 256017 | |
| 651 | 0 | |a Inglaterra |9 255158 | |
| 942 | |c BK |2 ddc | ||
| 945 | |d 20000428 00:00:00 |a rherrera | ||
| 952 | |0 0 |1 0 |4 0 |6 189_000000000000000_PRE_1972 |7 0 |8 A |9 334384 |a BIBHIS |b BIBHIS |d 2019-11-20 |i 1267167 |o 189 PRE 1972 |p 1267167 |r 2025-01-20 |w 2019-11-20 |y BK |k HIS | ||